Real Valladolid CF Squad 2024-2025 - Statistics

General Stats
  • This quiz has been taken 161 times
    60 since last reset
  • The average score is 20 of 34
Answer Stats
# Position Nation Player % Correct
13 GK Estonia Karl Hein
82%
5 DF Spain Javi Sánchez
80%
2 DF Spain Luis Pérez
80%
7 FW Senegal Mamadou Sylla
80%
10 FW Spain Iván Sánchez
77%
11 FW Spain Raúl Moro
77%
8 MF Spain Kike Pérez
75%
9 FW Brazil Marcos André
73%
20 MF Croatia Stanko Jurić
73%
23 MF Morocco Anuar
68%
18 FW Venezuela Darwin Machís
68%
16 DF Ghana Joseph Aidoo
68%
14 FW Spain Juanmi Latasa
68%
21 MF Morocco Selim Amallah
68%
1 GK Portugal André Ferreira
64%
15 DF Switzerland Eray Cömert
64%
8 MF Austria Florian Grillitsch
61%
12 MF Spain Mario Martín
61%
6 DF Turkey Cenk Özkacar
59%
28 MF Spain Chuki
59%
3 DF Spain David Torres
59%
- Coach Uruguay Paulo Pezzolano
59%
19 FW Senegal Amath Ndiaye
55%
35 DF Sierra Leone Juma Bah
52%
22 DF Brazil Lucas Rosa
50%
39 DF Morocco Adam Aznou
48%
22 DF Italy Antonio Candela
48%
4 MF Hungary Tamás Nikitscher
48%
4 MF Spain Víctor Meseguer
45%
24 FW Brazil Kenedy
43%
- Coach Spain Álvaro Rubio
41%
- Coach Argentina Diego Cocca
36%
17 DF Brazil Henrique Silva
30%
16 MF Spain César de la Hoz
23%
No matching quizzes found
Score Distribution
Percent of People with Each Score
Percentile by Number Answered
Your Score History
You have not taken this quiz since the last reset